000 00218 a2200097 4500
001 45233
100 _aBernardo J.V
245 _aAviation in the modern world
260 _aNew York
_bDutton
_c
090 _c28422
_d28422
942 _aNUST-CAE
_cM
_c20472
999 _c280306
_d280306